000 00373nam a22001457a 4500
003 Macl
005 20221213163453.0
008 221213b |||||||| |||| 00| 0 eng d
040 _cMacl
100 _aChaudhary, Prashant
_981611
245 _aSelling and Negotiation Skills
260 _aNew delhi
_bSage publications
_c2019
650 _aManagment
_921540
942 _2ddc
_cBK
999 _c65753
_d65753